Dividend taxes, corporate investment, and "Q" (Registro nro. 25950)

Detalles MARC
000 -LEADER
fixed length control field 00373 a2200121 4500
001 - CONTROL NUMBER
control field ART_11925
005 - DATE AND TIME OF LATEST TRANSACTION
control field 20260410161901.0
008 - FIXED-LENGTH DATA ELEMENTS--GENERAL INFORMATION
fixed length control field 260409a
100 1# - MAIN ENTRY--PERSONAL NAME
Personal name Poterba, James
245 10 - TITLE STATEMENT
Title Dividend taxes, corporate investment, and "Q"
700 1# - ADDED ENTRY--PERSONAL NAME
Personal name Summers, Lawrence H.
773 0# - HOST ITEM ENTRY
Title Journal of public economics
Related parts - Vol. 22, Nº 2 (nov. 1983)
Record control number REV11485

No hay ítems disponibles.